000 00528cam a2200169 i 4500
005 20251112122030.0
008 250721s1988 jo gr 000 0 ara d
082 1 4 _a189
_bط ف ي
100 1 _aإبن طفيل،
_eمؤلف.
245 1 0 _aقصة حي بن يقظان /
_cابن طفيل.
250 _aالطبعة الأولى.
264 3 1 _aعمان :
_bدار المعارف للطباعة،
_c1988.
300 _a165 صفحة.
650 1 7 _aالفلسفة الإسلامية.
942 _2ddc
_cBK
999 _c1708
_d1708